000 00648nam a22001457a 4500
020 _a978-0-141-03257-3
082 _a823
_bMAR/L
100 _aMARQUEZ,GABRIEL GARCIA
245 _aLIVING TO TELL THE TALE
260 _aLONDON
_bPENGUIN BOOKS
300 _a484
520 _aIt focuses heavily on García Márquez's family, schooling, and early career as a journalist and short story writer, and includes references to numerous real-life events that ended up in his novels in one form or another, including the Banana massacre that appears prominently in One Hundred Years of Solitude and the ...
650 _aNOVEL, ENGLISH
_zLONDON
942 _cBK
999 _c2418
_d2418